| 000 | 00498nam a2200169Ia 4500 | ||
|---|---|---|---|
| 005 | 20250423101346.0 | ||
| 008 | 250422s9999 xx 000 0 und d | ||
| 020 | _a9789789645305 | ||
| 050 | _aHD 1021.A1.N54/ | ||
| 245 | 4 | _aThe Nigeria valuation standards (The Green Book) | |
| 260 | _aLagos, Nigeria | ||
| 260 | _bEstate surveyors and valuers | ||
| 260 | _c2019 | ||
| 300 | _a154 p | ||
| 650 | _aLand use--Nigeria--Periodicals. Real estate management--Nigeria--Periodicals. | ||
| 942 | _cBK | ||
| 999 |
_c36075 _d36075 |
||